000 00765nam a22002890a 4500
001 PT57777
003 AR-LpoUNG
005 20210131231840.0
008 191001s2014||||sp |||||||||||||||||spa d
020 _a9788493486358
_c$13
040 _aAR-LpoUNG
_bspa
_cAR-LpoUNG
_eaacr
041 _aspa
044 _asp
082 0 _a808.068 3 27mer
100 1 _aSáez Castán, Javier
245 1 3 _aLa merienda del señor verde
250 _a4ta. ed.
260 _aBarcelona :
_bEkaré,
_c2014.
300 _a[30] p. :
_bil.
505 0 _aSugerido a partir de 6 años (etiqueta AMARILLA)
650 4 _aCUENTOS
650 4 _aLITERATURA
651 4 _aDOCUMENTOS TEORICOS O METODOLOGICOS
653 _aLITERATURA INFANTIL
905 _a57777
942 _cLIB
999 _c12196
_d12196